Loading...
| Literature - American | 0 | 3 | 0 | 0 | 30 | 59 | 107.67 | 0 | 1 | 8.16 | 11.11 |
| History - European | 0 | 2 | 0 | 1 | 20 | 134 | 138.50 | 0 | 2 | 0.08 | 13.33 |
| Literature - British | 0 | 2 | 0 | 1 | 20 | 77 | 110.50 | 0 | 0 | 4.34 | 6.67 |
| Science - Biology | 0 | 1 | 0 | 0 | 10 | 68 | 68.00 | 0 | 1 | 3.98 | 8.89 |
| Literature - World | 0 | 1 | 0 | 0 | 10 | 102 | 102.00 | 0 | 0 | 2.72 | 2.22 |
| History - American | 0 | 1 | 1 | 0 | 5 | 116 | 116.00 | 0 | 0 | 0.55 | 2.22 |
| Fine Arts - Other | 0 | 0 | 1 | 0 | -5 | 0.00 | 0 | 0 | 0.00 | 0.00 | |
| Literature - European | 0 | 0 | 1 | 0 | -5 | 0.00 | 0 | 0 | 0.00 | 0.00 | |
| Current Events | 0 | 0 | 1 | 0 | -5 | 0.00 | 0 | 0 | 0.00 | 0.00 |